Bilecik Bilecik Bilecik Bilecik Bilecik

İşletmelerde halkla ilişkiler: tanıtma - imaj yönetimi - kurumsal itibar yönetimi/ (Record no. 73568)

MARC details
000 -BAŞLIK
Sabit Uzunluktaki Kontrol Alanı 01703nam a22004817a 4500
001 - KONTROL NUMARASI
Control Dosyası 0072813
003 - KONTROL NUMARASI KİMLİĞİ
Kontrol Alanı KOHA_MİRAKIL
005 - EN SON İŞLEM TARİHİ ve ZAMANI
Kontrol Alanı 20260207005111.0
007 - FİZİKSEL TANIM SABİT ALAN - GENEL BİLGİ
Sabit uzunluklu kontrol alanı ta
008 - SABİT UZUNLUKTAKİ VERİ ÖGELERİ - GENEL BİLGİ
Sabit Alan 250102b2016 tu |||gr||||#0|||0|tur |
020 ## - ISBN - ULUSLARARASI STANDART KİTAP NUMARASI
Isbn 9789750239298
040 ## - KATALOGLAMA KAYNAĞI
Özgün Kataloglama Kurumu TR-BiSEU
Kataloglama Dili tur
Çeviri Kurumu TR-BiSEU
Açıklama Kuralları rda
041 0# - DİL KODU
Metin ya da ses kaydının dil kodu tur
044 ## - YAYINLAYAN/ÜRETEN KURULUŞUN ÜLKE KODU
ISO country code tu
050 ## - SINIFLAMA ve YER NUMARASI
Sınıflama Numarası HD59
Yer Numarası .T46 2016
100 1# - KİŞİ ADI
Yazar Adı (Kişi adı) Tengilimoğlu, Dilaver.
245 1# - ESER ADI BİLDİRİMİ
Başlık İşletmelerde halkla ilişkiler: tanıtma - imaj yönetimi - kurumsal itibar yönetimi/
Sorumluluk Bildirimi Dilaver Tengilimoğlu ; Dilaver Tengilimoğlu, Yüksel Öztürk.
250 ## - BASIM BİLDİRİMİ
Basım Bildirimi Güncellenmiş 4. baskı.
264 #1 - ÜRERİM, YAYIN, DAĞITIM ve TELİF BİLDİRİMİ
Yayın yeri Ankara :
Yayınlayan Seçkin Yayıncılık
Yayın tarihi 2016
300 ## - FİZİKSEL TANIMLAMA
Sayfa, Cilt vb. 304 sayfa: resimli; 24 cm.
336 ## - İÇERİK TÜRÜ
Content type term metin
Content type code txt
Source rdacontent
337 ## - MEDYA TÜRÜ
Media type term aracısız
Media type code n
Source rdamedia
338 ## - TAŞIYICI TÜRÜ
Carrier type term cilt
Carrier type code nc
Source rdacarrier
490 1# - DİZİ BİLDİRİMİ
Dizi Bildirimi Seçkin İşletme &amp ;
Cilt Numarası Finans no ;
-- 33
500 ## - GENEL NOT
Genel Not Dizin ve kaynakça var.
650 #0 - KONU BAŞLIĞI EK GİRİŞ - KONU TERİMİ
Konusal terim veya coğrafi ad Kavramlar ve ilkeler.
9 (RLIN) 145682
650 #0 - KONU BAŞLIĞI EK GİRİŞ - KONU TERİMİ
Konusal terim veya coğrafi ad İletişim--İmaj.
9 (RLIN) 145683
650 #0 - KONU BAŞLIĞI EK GİRİŞ - KONU TERİMİ
Konusal terim veya coğrafi ad Krizde halkla ilişkiler.
9 (RLIN) 145684
650 #0 - KONU BAŞLIĞI EK GİRİŞ - KONU TERİMİ
Konusal terim veya coğrafi ad Halkla ilişkiler araçları.
9 (RLIN) 145685
650 #0 - KONU BAŞLIĞI EK GİRİŞ - KONU TERİMİ
Konusal terim veya coğrafi ad Lobicilik--Sponsorluk.
9 (RLIN) 145686
650 #0 - KONU BAŞLIĞI EK GİRİŞ - KONU TERİMİ
Konusal terim veya coğrafi ad İtibar yönetimi.
9 (RLIN) 142127
650 #0 - KONU BAŞLIĞI EK GİRİŞ - KONU TERİMİ
Konusal terim veya coğrafi ad Tanıma--Tanıtma.
9 (RLIN) 145687
650 #0 - KONU BAŞLIĞI EK GİRİŞ - KONU TERİMİ
Konusal terim veya coğrafi ad Concepts and principles.
9 (RLIN) 145688
650 #0 - KONU BAŞLIĞI EK GİRİŞ - KONU TERİMİ
Konusal terim veya coğrafi ad Contact--Image.
9 (RLIN) 145689
650 #0 - KONU BAŞLIĞI EK GİRİŞ - KONU TERİMİ
Konusal terim veya coğrafi ad Public relations in crisis.
9 (RLIN) 145690
650 #0 - KONU BAŞLIĞI EK GİRİŞ - KONU TERİMİ
Konusal terim veya coğrafi ad Public relations tools.
9 (RLIN) 145691
650 #0 - KONU BAŞLIĞI EK GİRİŞ - KONU TERİMİ
Konusal terim veya coğrafi ad Lobbying--Sponsorship.
9 (RLIN) 145692
650 #0 - KONU BAŞLIĞI EK GİRİŞ - KONU TERİMİ
Konusal terim veya coğrafi ad Reputation management.
9 (RLIN) 142130
650 #0 - KONU BAŞLIĞI EK GİRİŞ - KONU TERİMİ
Konusal terim veya coğrafi ad Recognition--Identification.
9 (RLIN) 145693
830 1# - SERİ EK GİRİŞİ - TEKBİÇİM ESER ADI
Tekbiçim Başlık Seçkin İşletme &amp ;
Volume number/sequential designation Finans no ;
-- 33
9 (RLIN) 75072
907 ## - LOCAL DATA ELEMENT G, LDG (RLIN)
a Halkla İlişkiler
942 ## - EK GİRİŞ ÖGELERİ (KOHA)
Source of classification or shelving scheme Library of Congress Classification
Koha item type Book
Holdings
Materyal Türü Kalıcı Konum Mevcut Konum Raf Yeri Sınıflandırma Kaynağı Edinim Bilgisi Ana Konular Alt Konular Yer Numarası Demirbaş Numarası Fatura Tarihi Geri Çekilme Durumu Kayıp Durumu Hasarlı Durumu Kredi için değil Kayıt Tarih Toplam Ödünçverme Son Görülme Tarihi Son Kontrol Tarihi Genel / Bağış Notu
Book Prof. Dr. Azmi Özcan Kütüphanesi Prof. Dr. Azmi Özcan Kütüphanesi Uluğbey Salonu Library of Congress Classification Bağış SOSYAL BİLİMLER Endüstriler, Arazi Kullanımı, İşgücü HD59 .T46 2016 0072813 02/02/2026         02/01/2025 1 18/03/2025 18/03/2025 Mustafa Çakır, Akademisyen